000 00310nam a2200121Ia 4500
008 220214s9999 xx 000 0 und d
100 _aNorris William P
245 0 _aCyanoguanyl azide chemistry
260 _bJournal of Organic Chemistry
_c1964
300 _a650-660
700 _aHenry Ronald A
942 _cRE
999 _c45861
_d45861